| 000 | 00937nam a22002897a 4500 | ||
|---|---|---|---|
| 999 |
_c29110 _d29081 |
||
| 003 | EG-ScBUE | ||
| 005 | 20210426102300.0 | ||
| 008 | 200219s2019 nyua f 001 0 eng d | ||
| 020 | _a9781735039022 | ||
| 040 |
_aEG-ScBUE _beng _erda _cEG-ScBUE _dEG-ScBUE |
||
| 082 | 0 | 4 |
_a730.18 _bZAR _222 |
| 100 | 1 |
_aZarins, Uldis, _eauthor. |
|
| 245 | 1 | 0 |
_aAnatomy for sculptors : _bunderstanding the human figure / _cUldis Zarins, Sandis Kondrats. |
| 250 | _aThird edition. | ||
| 264 | 1 |
_aBeacon, NY : _bAnatomy Next, Inc., _c2019. |
|
| 300 |
_a222 pages : _bcolor illustrations ; _c28 cm |
||
| 336 |
_2rdacontent _atext _btxt |
||
| 337 |
_2rdamedia _aunmediated _bn |
||
| 338 |
_2rdacarrier _avolume _bnc |
||
| 500 | _aIncludes index. | ||
| 650 | 7 |
_aAnatomy, Artistic. _2BUEsh |
|
| 650 | 7 |
_aHuman figure in art. _2BUEsh |
|
| 653 |
_bGGEN _cApril2021 |
||
| 655 |
_vReading book _934232 |
||
| 700 | 1 |
_aKondrats, Sandis, _eauthor. |
|
| 942 |
_2ddc _cBB |
||